Trabajo forzado y trabajo libre en el Potosí colonial tardío (Registro nro. 16345)
[ vista simple ]
| 000 -LEADER | |
|---|---|
| fixed length control field | 00354 a2200109 4500 |
| 001 - CONTROL NUMBER | |
| control field | ART_3391 |
| 005 - DATE AND TIME OF LATEST TRANSACTION | |
| control field | 20260410161714.0 |
| 008 - FIXED-LENGTH DATA ELEMENTS--GENERAL INFORMATION | |
| fixed length control field | 260409a |
| 100 1# - MAIN ENTRY--PERSONAL NAME | |
| Personal name | Tandeter, Enrique |
| 245 10 - TITLE STATEMENT | |
| Title | Trabajo forzado y trabajo libre en el Potosí colonial tardío |
| 773 0# - HOST ITEM ENTRY | |
| Title | Desarrollo económico |
| Related parts | - Vol. 20, Nº 80 (ene./mar. 1981) |
| Record control number | REV1174 |
No hay ítems disponibles.